000 00498nam a2200181Ia 4500
003 LK-CoDNM
008 010623t1888 xxu||||| |||| 00| 1 Pali d
040 _aLK-CoDNM
_dLK-CoDNM
_eLK-CoDNM
041 _aPali
_asin
080 _a104 Y.26
100 _aAmarasingha thero,Bandaramulle
_eed.
245 _aශබ්ද බිංදුව
246 _aShabda binduwa
260 _bW.N.Barnis silva
_aColombo
_c1888
300 _b11p., 21 cm
700 _aThissa thero,Nanathilaka
_eed.
942 _cBK
999 _c82975
_d82975